Responses for Show #3595 - Friday, March 31, 2000

Contestants

[<< previous game]

Alissa Morel, a student originally from Pomona, New York

Rob O'Carroll, a cost accountant from Oceanside, California

Lori Callan, a project manager from San Francisco, California (whose 1-day cash winnings total $10,700)

[next game >>]

Jeopardy! Round responses

DOWN TO EARTH
PEOPLE IN SPORTS
REBELS WITH A CAUSE
CHEESY COUNTRIES
(Alex: We'll give you the cheese, you give us the country.)
9-LETTER WORDS
BIBLICAL DONKEYS
    $100 7
Tropic of Cancer

Triple Stumper
    $100 1
Wayne Gretzky

Alissa
    $100 15
Betty Ford

Rob
    $100 6
England

Rob
    $100 12
Evergreen

Triple Stumper
    $100 20
Jawbone (of an ass)

Rob
    $200 8
Carbon

Alissa
    $200 2
Martina Navratilova

Rob
    $200 16
Ralph Nader

Alissa
    $200 24
Italy

Alissa
    $200 13
Terrarium

Rob
    $200 21
Jerusalem

Alissa
    $300 9
Mojave

Rob
    $300 3
Tara Lipinski

Lori
    $300 17
Lauryn Hill

Lori
    $300 25
United States

Rob
    $300 14
(L: What is sweetbread?)

Mincemeat

LoriAlissa
    $300 26
Abraham

Lori
    $600 10
(R: What is a storm?)

Earthquake

Rob
    $400 4
Phil Jackson

Rob
    $400 18
Black Panthers

Rob
    $400 27
Denmark

Triple Stumper
    $400 22
Solitaire

Alissa
    $400 29
Jacob

Lori
    $500 11
The Great Rift Valley

Triple Stumper
    $500 5
(L: What is the 100-yard dash?)

100-meter dash

LoriAlissa
    $500 19
Tibet

Lori
    $500 28
Switzerland

Alissa
    $500 23
(we have a minute to go...)

Caterwaul

Alissa
    $500 30
Balaam's ass

Triple Stumper

Scores at the first commercial break (after clue 14):

Lori Rob Alissa
-$500 $600 $1,100

Scores at the end of the Jeopardy! Round:

Lori Rob Alissa
$1,000 $1,500 $3,100

Double Jeopardy! Round responses

SCULPTORS
HOMES, SWEET HOMES
BOOKS OF THE MONTHS
THE MOVIES
LYING IN STATE
(Alex: You have to name the state where these people are buried.)
"TIC" TALK
    $200 19
(A: Who was Dante?)

Auguste Rodin

Alissa
Triple Stumper
    $200 6
Hugh Hefner

Rob
    $200 9
"The Ides of March"

Lori
    $200 1
American Graffiti

Alissa
    $200 24
California

Alissa
    $200 14
Attic

Lori
    $400 20
Pablo Picasso

Lori
    $400 7
Dacha

Rob
    $400 10
"The Hunt for Red October"

Lori
    $400 2
Andie MacDowell

Alissa
    $400 27
Tennessee

Triple Stumper
    $400 15
Antibiotic

Lori
    $600 21
Alexander Calder

Lori
    $600 8
Biltmore

Alissa
    $600 11
James Jones

Triple Stumper
    $600 3
Empire of the Sun

Alissa
    $600 28
Texas

Triple Stumper
    $600 16
Instamatic

Lori
    $800 22
Christo

Lori
    $800 25
(we have less than a minute to go...)

du Pont

Triple Stumper
    $800 12
"Born on the Fourth of July"

Lori
    $800 4
John Carradine

Lori
    $800 29
New York

Alissa
    $800 17
Celtic

Alissa
    $1000 23
Henry Moore

Triple Stumper
    $1000 26
George Mason

Triple Stumper
    $800 13
(L: I don't know.)

"The Guns of August"

Lori
    $1000 5
(L: Who is Styron?)

Robert Penn Warren

Lori
Triple Stumper
    $1,800 30
Massachusetts

Alissa
    $1000 18
Acrostic

Triple Stumper

Scores at the end of the Double Jeopardy! Round:

Lori Rob Alissa
$4,400 $2,100 $8,300

[wagering suggestions for these scores]

Final Jeopardy! Round responses

VICE PRESIDENTS
RobWho is Teddy Roosevelt?
$100
LoriWho is Teddy Roosevelt
$0
AlissaWho was Theodore Roosevelt?
$500
Aaron Burr

Final scores:

Lori Rob Alissa
$4,400 $2,000 $7,800
2nd place: Trip to Mariott's Rancho Las Palmas Resort, Rancho Mirage, California 3rd place: Vtech Cordless Phones New champion: $7,800

Game dynamics:

Coryat scores:

Lori Rob Alissa
$5,200 $2,700 $7,500
15 R,
4 W
(including 1 DD)
11 R,
1 W
(including 1 DD)
18 R
(including 1 DD),
1 W

Combined Coryat: $15,400

[game] [game scores] [suggest correction]

Game tape date: 2000-01-12
The J! Archive is created by fans, for fans. Scraping, republication, monetization, and malicious use prohibited; this site may use cookies and collect identifying information. See terms. The Jeopardy! game show and all elements thereof, including but not limited to copyright and trademark thereto, are the property of Jeopardy Productions, Inc. and are protected under law. This website is not affiliated with, sponsored by, or operated by Jeopardy Productions, Inc. Join the discussion at JBoard.tv.